000 00224nam a22000857a 4500
008 160708b xxu||||| |||| 00| 0 eng d
100 _92413
_a Young, E.C
245 _aDictionary of Electronics
260 _aEngland
_b Penguin
_c1988
999 _c2088
_d2088